000 00577nam a2200229Ia 4500
003 OSt
005 20220928110437.0
006 a|||||r|||| 00| 0
007 ta
008 220927b |||||||| |||| 00| 0 eng d
024 _a54465
037 _cTextual
040 _aSDCL
_cSDCL
_beng
041 _2eng
_aeng
082 _aO152,3NO31,23, L7
100 _aYashpal
245 0 _aJhoota sach.
260 _aLucknow
_bViplav Karayalaya
_c1977
300 _a482p.
_ccm.
942 _hO152,3NO31,23, L7
_cTEXL
_2CC
999 _c735684
_d735684